=LDR 00000nam 2200000 4500 =001 INLIS000000000002501 =005 20130612090831 =008 ***********************************Ind** =035 ##$$0010-061300000002501 =041 ##$$a Ind =082 ##$$a 616.994 =090 ##$$a 616.994, Mul k =100 ##$$a Mulyadi =245 ##$$a Kanker,karsinogen, karsinogenesis dan antikanker, Mulyadi =260 ##$$a 1997 $b Yogyakarta =300 ##$$a xviii,157 hlm, ilus, 20 cm =650 ##$$a Kanker =650 ##$$a Etiologi =850 ##$$a NBPNMAT